000 00448 a2200145 4500
005 20250417111044.0
020 _a81-224-1889-7
082 _a657.48 THU
100 _aRAO, M. E. T.
245 _aAccounting and Financial Management for BCA & MCA.
260 _aNew Delhi,
_bNew Age International (P) Ltd,
_c2006.
300 _aV, 616p.: ill.; Figure
_c24cm.
856 _yAccess Online Book,
_fAccounting,
_dWww.newagepublishers.com
942 _2ddc
_cBKS
999 _c1548
_d1548